| 000 | 04236nas a22002897a 4500 | ||
|---|---|---|---|
| 003 | NALT | ||
| 005 | 20240527142911.0 | ||
| 006 | a|||p|r|||| 00| 0 | ||
| 007 | ta | ||
| 008 | 240527b th |||p| |||| 00| 0 tha d | ||
| 022 | _a08579776 | ||
| 040 | _aNALT | ||
| 041 | _atha | ||
| 245 | 0 | 0 | _aกฎหมายสุโขทัยธรรมาธิราช ปีที่ 11 ฉบับที่ 2 (ธ.ค. 2542) |
| 260 | _aธรรมสาร จำกัด | ||
| 310 | _aราย 6 เดือน | ||
| 500 | _aวารสารเย็บเล่ม | ||
| 505 | 2 | _aปีที่ 11 ฉบับที่ 2 ธ.ค. 2542 -- ศาลปกครองกับทนายความหรือผู้ว่าคดีปกครอง -- กรณีหวยออนไลน์เอกชนยื่นฟ้องศาลปกครองได้หรือไม่? -- กระบวนการยุติธรรมของไทย : ปัญหาระบบกฎหมายหรือโครงสร้าง -- บทบาทของข้อมติของสมัชชาใหญ่สหประชาชาติในการพัฒนากฎหมายจารีตประเพณีระหว่างประเทศ -- การนำหลักเกณฑ์การคุ้มครอง ทรัพย์สินทางอุตสาหกรรม ตามอนุสัญญากรุงปารีส (ค.ศ.1967) มาใช้ในการคุ้มครองสิทธิในทรัพย์สินทางปัญญาตามความตกลง TRIPs -- ความรับผิดชอบระหว่างประเทศ อันเนื่องจากการก่อมลพิษข้ามพรมแดนตามหลักกฎหมาย "การใช้สิทธิโดยมิชอบ" (Principle of "Abuse of Rights" and State Responsibilities of causing of Trarsboundary Pollution) : ศึกษาจากคำวินิจฉัยคดีระหว่างประเทศ -- การเสียภาษีเงินได้ของบริษัทต่างประเทศกรณีประกอบกิจการในประเทศไทย -- การคืนภาษีมูลค่าเพิ่ม ให้แก่นักท่องเที่ยว (VAT Refund) -- กรณีต้องทำความเข้าใจเบื้องต้นในกฎหมายฟอกเงินของไทย -- พระภิกษุกับมรดก -- บันทึกความคิดเห็นทางวิชาการต่อข้อสอบชั้น เนติบัณฑิตไทยและธงคำตอบของสำนักอบรมศึกษากฎหมายแห่งเนติบัณฑิตยสภา ภาคการศึกษาที่ 1 สมัยที่ 52 ปีการศึกษา 2542 สอบความรู้ทางกฎหมายแพ่งและพาณิชย์ -- ฎีกาวิเคราะห์ : คำพิพากษาศาลฎีกาที่ 31/2542 ปลูกบ้านในที่ดินสาธารณประโยชน์อันเป็นสาธารณสมบัติของแผ่นดิน -- ฎีกาวิเคราะห์ : คำพิพากษาศาลฎีกาที่ 121/2539 พระราชบัญญัติแก้ไขเพิ่มเติมประมวลกฎหมายวิธีพิจารณาความแพ่ง (ฉบับที่ 18 และ 17) พ.ศ. 2542. | |
| 650 | 0 |
_aภาษีเงินได้ _915356 |
|
| 650 | 0 |
_aมรดก _94376 |
|
| 650 | 0 |
_aกฎหมายฟอกเงิน _99168 |
|
| 850 | _aNALT | ||
| 866 | _aปีที่ 11 ฉบับที่ 2 (ธ.ค. 2542) | ||
| 942 | _cBOUND | ||
| 996 |
_aaroonthip.c _bLIBSTF _c2024-05-27 |
||
| 999 |
_c105215 _d105215 |
||
| 998 |
_h179 _j179 _k อรุณทิพย์ จันทร์ดิษฐ์ |
||